An outline of corporate finance
Đã lưu trong:
| Príomhúdar: | |
|---|---|
| Formáid: | Leabhar |
| Teanga: | Undetermined |
| Foilsithe: |
New York
Barnes and Noble, Inc.
1939
|
| Ábhair: | |
| Clibeanna: |
Cuir Clib Leis
Gan Chlibeanna, Bí ar an gcéad duine leis an taifead seo a chlibeáil!
|
| Thư viện lưu trữ: | Trung tâm Học liệu Trường Đại học Cần Thơ |
|---|
| LEADER | 00498nam a2200193Ia 4500 | ||
|---|---|---|---|
| 001 | CTU_86171 | ||
| 008 | 210402s9999 xx 000 0 und d | ||
| 082 | |a 658.1 | ||
| 082 | |b H292 | ||
| 100 | |a Harold, Gilbert | ||
| 245 | 3 | |a An outline of corporate finance | |
| 245 | 0 | |c Gilbert Harold | |
| 260 | |a New York | ||
| 260 | |b Barnes and Noble, Inc. | ||
| 260 | |c 1939 | ||
| 650 | |a Corporations | ||
| 650 | |x Finance | ||
| 904 | |i Năm | ||
| 980 | |a Trung tâm Học liệu Trường Đại học Cần Thơ | ||